الإمام ابن حجر الهيتمي وأثره في الفقه الشافعي /إعداد الطالب، أمجد رشيد محمد علي
Saved in:
| Main Author: | |
|---|---|
| Other Authors: | |
| Format: | Thesis |
| Language: | Arabic |
| Published: |
Urdun :
Jami'ah al-Urduniyah,
2000
|
| Subjects: | |
| Tags: |
Add Tag
No Tags, Be the first to tag this record!
|
| LEADER | 015370000a22003010004500 | ||
|---|---|---|---|
| 008 | 140310s2000 jo f 000 0 ara d | ||
| 040 | |a UIAM |b eng | ||
| 041 | |a ara | ||
| 050 | 4 | |a BP157.I12 | |
| 100 | 1 | |a علي، أمجد رشيد محمد | |
| 242 | 1 | 3 | |a al-Imam Ibn Hajar al-Haytami wa atharuhu fi al-fiqh al-Shafi'i |
| 245 | 1 | 2 | |a الإمام ابن حجر الهيتمي وأثره في الفقه الشافعي /إعداد الطالب، أمجد رشيد محمد علي |
| 246 | |a Imam Ibn Hajar's influence in Shafi'i jurisprudence | ||
| 260 | |a Urdun : |b Jami'ah al-Urduniyah, |c 2000 | ||
| 300 | |a xviii, 272 leaves ; |c 30 cm. | ||
| 500 | |a "قدمت هذه الرسالة إستكمالا لمتطلبات الحصول على درجة الماجستير في الفقه واصوله بكلية الدراسات العليا في الجامعة الاردنية" --On t.p. | ||
| 500 | |a Abstract in English and Arabic. | ||
| 502 | |a Thesis (M.A.)--Jami'at al-Urduniyah, 2000. | ||
| 504 | |a Includes bibliographical references (leaves 263-272). | ||
| 596 | |a 1 | ||
| 600 | |a Ibn Hajar al-Haythami, Ahmad ibn Muhammad, |d ca. 1503-ca. 1566 | ||
| 650 | 0 | |a Islamic law |x Interpretation and construction | |
| 650 | 0 | |a Shafi'iyah | |
| 655 | |a Theses, Facsimile edition (Islamic) | ||
| 700 | 1 | |a 'Ali, Amjad Rashid Muhammad | |
| 900 | |a arf-lfr | ||
| 999 | |c 432746 |d 465970 | ||
| 952 | |0 0 |6 TI BP 000157 I12 A398I 2000 |7 0 |8 THESES |9 754475 |a IIUM |b IIUM |c MULTIMEDIA |g 380.00 |o ti BP 157 I12 A398I 2000 |p 00011276059 |r 2017-10-23 |t 1 |v 380.00 |y THESIS | ||
